Vista normal
Vista MARC
Entrada Término temático
Número de registros utilizados en: 6
001 - NÚMERO DE CONTROL
- campo de control: 134439
003 - IDENTIFICADOR DE NÚMERO DE CONTROL
- campo de control: mxcmmo
005 - FECHA Y HORA DE LA ÚLTIMA TRANSACCIÓN
- campo de control: 20241018041052.0
008 - ELEMENTOS DE DATO DE LONGITUD-FIJA
- campo de control de longitud fija: 241018|| aca||aabn | a|a d
040 ## - FUENTE DE CATALOGACIÓN
- Centro catalogador/agencia de origen: mxcmmo
- Centro/agencia transcriptor: mxcmmo
150 ## - ENCABEZAMIENTO--TÉRMINO DE MATERIA
- Término de materia o nombre geográfico como elemento de entrada: Medios masivos de comunicación
- Subdivisión geográfica: México
- Subdivisión general: Estadística
670 ## - FUENTE DE DATOS ENCONTRADOS
- Cita de la fuente: Work cat.: (mxcmmo)77599: Instituto Federal Electoral (México) Consejo General Comisión de Radiodifusión autor 134437, [Primer] Informe que presenta la Comisión de Radiodifusión al Consejo General del Instituto Federal Electoral con relación a los resultados del monitoreo en los espacios noticiosos de los medios de comunicación en las entidades federativas de la República Mexicana correspondiente al primer mes de campaña